LEADER 02375nam a2200421 i 4500 001 991003317419707536 008 170119s2016 it a 00| 0 ita d 020 $a9788817087377 035 $ab14314812-39ule_inst 040 $aBibl. Dip.le Aggr. Matematica e Fisica - Sez. Matematica$beng 041 1 $aita$heng 082 0 $a512.9 084 $aLC QA211 084 $aAMS 12-03 084 $aAMS 12E12 100 1 $aMackenzie, Dana$042461 245 12$aL'universo senza parole :$bsvelato dalla matematica in 24 equazioni /$cDana Mackenzie 260 $aMilano :$bRizzoli,$c2016 300 $a223 p. :$bcol. ill. ;$c25 cm 500 $aOrig. tit.: The universe in zero words : the story of mathematics as told through equations 650 0$aAlgebraic equations$xHistory 650 0$aMathematics$xHistory 700 1 $aCasareto, Marco 907 $a.b14314812$b21-03-17$c19-01-17 912 $a991003317419707536 945 $aLE006 5(091)+6(091) MAC$cC. 1$g1$i2006000176125$lle006$op$pE24.90$q-$rl$s- $t0$u1$v0$w1$x0$y.i15799293$z01-03-17 945 $aLE006 5(091)+6(091) MAC$cC. 2$g1$i2006000176132$lle006$op$pE24.90$q-$rl$s- $t0$u1$v0$w1$x0$y.i15799311$z01-03-17 945 $aLE006 5(091)+6(091) MAC$cC. 3$g1$i2006000176149$lle006$op$pE24.90$q-$rl$s- $t0$u0$v0$w0$x0$y.i15799335$z01-03-17 945 $aLE013 00A99 MAC11 C.1 (2016)$cC. 1$g1$i2013000294339$lle013$op$pE24.90$q-$rl$s- $t0$u1$v0$w1$x0$y.i1579989x$z02-03-17 945 $aLE013 00A99 MAC11 C.2 (2016)$cC. 2$g1$i2013000294346$lle013$op$pE24.90$q-$rl$s- $t0$u3$v0$w3$x0$y.i15799906$z02-03-17 945 $aLE013 00A99 MAC11 C.3 (2016)$cC. 3$g1$i2013000294353$lle013$op$pE24.90$q-$rl$s- $t0$u1$v0$w1$x0$y.i15799918$z02-03-17 945 $aLE006 5(091)+6(091) MAC$cC. 4$g1$i2006000174787$lle006$op$pE24.90$q-$rl$s- $t0$u0$v0$w0$x0$y.i15800532$z16-03-17 945 $aLE006 5(091)+6(091) MAC$cC. 5$g1$i2006000174794$lle006$op$pE24.90$q-$rl$s- $t0$u0$v0$w0$x0$y.i15800544$z16-03-17 945 $aLE013 00A99 MAC11 C.4 (2016)$cC. 4$g1$i2013000294469$lle013$op$pE24.90$q-$rl$s- $t0$u1$v0$w1$x0$y.i15800672$z21-03-17 945 $aLE013 00A99 MAC11 C.5 (2016)$cC. 5$g1$i2013000294476$lle013$op$pE24.90$q-$rl$s- $t0$u3$v0$w3$x0$y.i15800684$z21-03-17 996 $aUniverso senza parole$91392623 997 $aUNISALENTO 998 $ale013$ale006$b19-01-17$cm$da $e-$fita$git $h2$i0 LEADER 05341nam 22008535 450 001 9910786356903321 005 20211102011836.0 010 $a1-283-71722-0 010 $a1-4008-4500-9 024 7 $a10.1515/9781400845002 035 $a(CKB)2670000000276308 035 $a(EBL)1042906 035 $a(OCoLC)845246852 035 $a(SSID)ssj0000356913 035 $a(PQKBManifestationID)16238366 035 $a(PQKBTitleCode)TC0000356913 035 $a(PQKBWorkID)10352844 035 $a(PQKB)21148027 035 $a(DE-B1597)453842 035 $a(OCoLC)1013957983 035 $a(OCoLC)1029814933 035 $a(OCoLC)1032677787 035 $a(OCoLC)1037979817 035 $a(OCoLC)1041990965 035 $a(OCoLC)1046608339 035 $a(OCoLC)1047021206 035 $a(OCoLC)1049625659 035 $a(OCoLC)1054879249 035 $a(OCoLC)979624253 035 $a(DE-B1597)9781400845002 035 $a(MiAaPQ)EBC1042906 035 $a(EXLCZ)992670000000276308 100 $a20190708d2012 fg 0 101 0 $aeng 135 $aurnn#---|u||u 181 $ctxt$2rdacontent 182 $cc$2rdamedia 183 $acz$2rdacarrier 200 10$aAwakening Giants, Feet of Clay $eAssessing the Economic Rise of China and India /$fPranab Bardhan 205 $aWith a New afterword by the author 210 1$aPrinceton, NJ :$cPrinceton University Press,$d[2012] 210 4$dİ2013 215 $a1 online resource (189 pages) 300 $aDescription based upon print version of record. 311 0 $a0-691-15640-9 320 $aIncludes bibliographical references and index. 327 $tFront matter --$tContents --$tPreface --$tChapter 1. Introduction: The Myths Floating around the Giants --$tChapter 2. Economic Reform and Growth: Differing Patterns and Institutions --$tChapter 3. Agriculture: Still the Most Crowded Sector --$tChapter 4. Infrastructure: The Dazzling Difference --$tChapter 5. High Saving, Low Financial Intermediation --$tChapter 6. The Pattern of Burgeoning Capitalism --$tChapter 7. Poverty and Inequality: How Is the Growth Shared? --$tChapter 8. The Social Sector: The Relevance of the Socialist Legacy --$tChapter 9. Environment: The Alarming Signs --$tChapter 10. Looking to the Future: Through the Lens of Political Economy --$tAfterword to the Paperback Edition --$tReferences --$tIndex 330 $aThe recent economic rise of China and India has attracted a great deal of attention--and justifiably so. Together, the two countries account for one-fifth of the global economy and are projected to represent a full third of the world's income by 2025. Yet, many of the views regarding China and India's market reforms and high growth have been tendentious, exaggerated, or oversimplified. Awakening Giants, Feet of Clay scrutinizes the phenomenal rise of both nations, and demolishes the myths that have accumulated around the economic achievements of these two giants in the last quarter century. Exploring the challenges that both countries must overcome to become true leaders in the international economy, Pranab Bardhan looks beyond short-run macroeconomic issues to examine and compare China and India's major policy changes, political and economic structures, and current general performance. Bardhan investigates the two countries' economic reforms, each nation's pattern and composition of growth, and the problems afflicting their agricultural, industrial, infrastructural, and financial sectors. He considers how these factors affect China and India's poverty, inequality, and environment, how political factors shape each country's pattern of burgeoning capitalism, and how significant poverty reduction in both countries is mainly due to domestic factors--not global integration, as most would believe. He shows how authoritarianism has distorted Chinese development while democratic governance in India has been marred by severe accountability failures. Full of valuable insights, Awakening Giants, Feet of Clay provides a nuanced picture of China and India's complex political economy at a time of startling global reconfiguration and change. 606 $aBUSINESS &$xECONOMICS$vEconomic Conditions 606 $aBUSINESS &$xECONOMICS$vEconomic History 606 $aBUSINESS &$xECONOMICS$vEconomics$vComparative 606 $aPOLITICAL SCIENCE$vEconomic Conditions 606 $aPOLITICAL SCIENCE$vPublic Policy$vEconomic Policy 606 $aBUSINESS & ECONOMICS / Development / Economic Development$2bisacsh 607 $aChina$xEconomic policy$y2000- 607 $aChina$xEconomic conditions$y2000- 607 $aChina$xSocial conditions$y2000- 607 $aIndia$xEconomic policy$y1991-2016 607 $aIndia$xEconomic conditions$y1991- 607 $aIndia$xSocial conditions$y20th century 615 0$aBUSINESS &$xECONOMICS 615 0$aBUSINESS &$xECONOMICS 615 0$aBUSINESS &$xECONOMICS 615 0$aPOLITICAL SCIENCE 615 0$aPOLITICAL SCIENCE 615 7$aBUSINESS & ECONOMICS / Development / Economic Development. 676 $a338.951 700 $aBardhan$b Pranab$0120966 801 0$bDE-B1597 801 1$bDE-B1597 906 $aBOOK 912 $a9910786356903321 996 $aAwakening giants, feet of clay$91131562 997 $aUNINA LEADER 03074nam 2200613Ia 450 001 9910971872003321 005 20251117095333.0 010 $a1-136-44623-0 010 $a1-136-44624-9 010 $a0-203-12466-9 024 7 $a10.4324/9780203124666 035 $a(CKB)2550000000096904 035 $a(EBL)956969 035 $a(OCoLC)798532674 035 $a(MiAaPQ)EBC956969 035 $a(OCoLC)787849594 035 $a(FINmELB)ELB134567 035 $a(EXLCZ)992550000000096904 100 $a19980526d2012 uy 0 101 0 $aeng 135 $aur|n|---||||| 181 $ctxt$2rdacontent 182 $cc$2rdamedia 183 $acr$2rdacarrier 200 10$aAuthority in language $einvestigating standard English /$fJames Milroy and Lesley Milroy 205 $a4th ed. 210 $aLondon [England] ;$aNew York $cRoutledge$d2012 210 1$aAbingdon, Oxon ;$aNew York :$cRoutledge,$d2012. 215 $a1 online resource (206 p.) 225 1 $aRoutledge Linguistics Classics 300 $aPreviously pub.: 1985. 311 08$a0-415-69683-6 311 08$a0-415-69682-8 320 $aIncludes bibliographical references and index. 327 $aFront Cover; Authority in Language; Copyright Page; Contents; Preface; Preface to the third edition; Key to symbols and abbreviations used in the text; Foreword to the fourth edition; 1. Prescription and standardisation; 2. Standard English and the complaint tradition; 3. Spoken and written norms; 4. Grammar and speech; 5. Linguistic prescription and the speech community; 6. Linguistic repertoires and communicative competence; 7. 'Planned' and 'unplanned' speech events; 8. Some practical implications of prescriptivism: educationalissues and language assessment procedures 327 $a9. Two nations divided by the same language?: the standardlanguage ideology in Britain and the United StatesAfterword; Bibliography; Index 330 $aAuthority in Language explores the perennially topical and controversial notion of correct and incorrect language.James and Lesley Milroy cover the long-running debate over the teaching of Standard English in Britain and compare the language ideologies in Britain and the USA, involving a discussion of the English-Only movement and the Ebonics controversy. They consider the historical process of standardisation and its social consequences, in particular discrimination against low-status and ethnic minority groups on the basis of their language traits. 410 0$aRoutledge Linguistics Classics 606 $aStandard language 606 $aEnglish language$xStandardization 606 $aEnglish language$xVariation 615 0$aStandard language. 615 0$aEnglish language$xStandardization. 615 0$aEnglish language$xVariation. 676 $a428 700 $aMilroy$b James$0152873 701 $aMilroy$b Lesley$0152039 801 0$bMiAaPQ 801 1$bMiAaPQ 801 2$bMiAaPQ 906 $aBOOK 912 $a9910971872003321 996 $aAuthority in language$91462221 997 $aUNINA